Central Library and Information Centre
Sibsagar Girls' College, Sivasagar : Assam

ANGLO-ASSAMESE RELATIONS (1771-1826) (Record no. 3362)

MARC details
000 -LEADER
fixed length control field 00408cam a2200169ua 4500
008 - FIXED-LENGTH DATA ELEMENTS--GENERAL INFORMATION
fixed length control field 131203n1974 II |||gr||||Z||||||eng
040 ## - CATALOGING SOURCE
Original cataloging agency MAIN
041 ## - LANGUAGE CODE
-- English
082 ## - DEWEY DECIMAL CLASSIFICATION NUMBER
Classification number 954.162 BHU
100 ## - MAIN ENTRY--PERSONAL NAME
Personal name BHUYAN, S. K.
245 ## - TITLE STATEMENT
Title ANGLO-ASSAMESE RELATIONS (1771-1826)
260 ## - PUBLICATION, DISTRIBUTION, ETC.
Place of publication, distribution, etc. GUWAHATI
Name of publisher, distributor, etc. DUTTA BARUAH & CO.
Date of publication, distribution, etc. 1974
300 ## - PHYSICAL DESCRIPTION
Extent 641:
Dimensions 24CM.
942 ## - ADDED ENTRY ELEMENTS (KOHA)
Koha item type Books
653 ## - INDEX TERM--UNCONTROLLED
Uncontrolled term History of Assam
Holdings
Withdrawn status Lost status Damaged status Not for loan Collection code Home library Current library Shelving location Date acquired Full call number Barcode Date last seen Copy number Price effective from Koha item type Public note
        TBHIS Central Library and Information Centre Sibsagar Girls College Central Library and Information Centre Sibsagar Girls College HISTORY REFERENCE RACK 07.03.1985 954.162 BHU 11541 27.02.2020 1 27.02.2020 Books V


Sibsagar Girl's College © 2020. All rights reserved.
Powered by Koha.
Maintained by Abhijit Borpuzari.